Signing of the Seasons - 2025/26 Scottish Prem - Statistics

General Stats
  • This quiz has been taken 4 times
  • The average score is 11 of 12
Answer Stats
Picture Answer % Correct
Claudio Braga
100%
Elliot Watt
100%
Kieran Tierney
100%
Killian Phillips
100%
Mikey Moore
100%
Scott Bain
100%
Stuart Armstrong
100%
Cameron Congreve
75%
Findlay Curtis
75%
Jamie Mcgrath
75%
Luca Stephenson
75%
Brooklyn Kabongolo
50%
No matching quizzes found
Score Distribution
Percent of People with Each Score
Percentile by Number Answered
Your Score History
You have not taken this quiz